Statistics for Five Most Nominated Countries For an Oscar by Continent

Click here to take the quiz!

General Stats

  • This quiz has been taken 122 times
  • The average score is 12 of 24

Answer Stats

# NominatedContinentCountry% Correct
39EuropeFrance
94%
31EuropeItaly
87%
19EuropeSpain
80%
4South AmericaBrazil
77%
16AsiaJapan
77%
9North AmericaMexico
72%
7South AmericaArgentina
72%
7North AmericaCanada
71%
1OceaniaAustralia
69%
3AsiaIndia
65%
1South AmericaPeru
55%
2South AmericaChile
55%
16EuropeSweden
54%
1South AmericaColombia
53%
2AfricaSouth Africa
51%
1North AmericaCuba
44%
3AsiaIran
29%
12EuropeDenmark
27%
5AfricaAlgeria
26%
3AsiaTaiwan
22%
10AsiaIsrael
19%
1North AmericaNicaragua
11%
1AfricaIvory Coast
3%
1AfricaMauritania
0%

Score Distribution

Percentile by Number Answered

Percent of People with Each Score

Your Score History

You have not taken this quiz